تحميل...

University of Delhi: forty ninth annual report 1970-71:V.2

التفاصيل البيبلوغرافية
التنسيق: Report
منشور في: Delhi University of Delhi 1971
LEADER 00467nam a22001337a 4500
003 OSt
999 |c 192858  |d 192858 
082 |a UTY/DELHI/AR 1970-71 
245 |a University of Delhi: forty ninth annual report 1970-71:V.2 
260 |a Delhi  |b University of Delhi  |c 1971 
300 |a 416p. 
546 |a English 
942 |2 ddc  |c REP 
952 |0 0  |1 0  |2 ddc  |4 0  |6 UTY_DELHI_AR_197071  |7 1  |8 REF  |9 199423  |a KAUCLV  |b KAUCLV  |c REPORTS  |d 2019-09-05  |o UTY/DELHI/AR 1970-71  |p 206673  |r 2019-09-05  |w 2019-09-05  |y REP